000
00223 a2200097 4500
001
12959
100
_a
Chauhan,S,S.
245
_a
inside CIA: Lessons in Intelligence
260
_a
_b
APH Publication
_c
090
_c
9958
_d
9958
942
_a
NUST-CAE
_c
M
_c
36886
999
_c
248032
_d
248032